[Event "2011 ECC Fall Sectional A"]
[Site "Edmonton"]
[Date "2011.10.29"]
[Round "2"]
[White "Gardner, Robert"]
[Black "Haynes, Nicolas"]
[Result "1/2-1/2"]
[WhiteElo "2300"]
[BlackElo "2339"]
[PlyCount "137"]
[EventDate "2011.10.28"]
[EventType "tourn"]
[EventRounds "5"]
[EventCountry "CAN"]

1. d4 Nf6 2. c4 e6 3. Nc3 Bb4 4. f3 d5 5. a3 Bxc3+ 6. bxc3 c5 7. cxd5 Nxd5 8.
dxc5 f5 9. Nh3 Qa5 10. e4 fxe4 11. fxe4 Nf6 12. Nf2 Nc6 13. Qb3 Qxc5 14. Bc4
O-O 15. Nd3 Qe7 16. Bg5 h6 17. Bh4 g5 18. Bf2 Nxe4 19. O-O Na5 20. Qb5 Nxc4 21.
Qxc4 Nd2 22. Qa2 Nxf1 23. Bc5 Qc7 24. Bxf8 Qxh2+ 25. Kxf1 Kxf8 26. Qf2+ Kg8 27.
Ke2 Qh5+ 28. Kd2 Bd7 29. Rf1 Bb5 30. Qf6 Re8 31. g4 Qh2+ 32. Rf2 Qc7 33. Qxh6
Qg7 34. Qxg7+ Kxg7 35. Ne5 Re7 36. Nf3 Rd7+ 37. Kc2 Rf7 38. Kd2 Bc6 39. Ke3
Rxf3+ 40. Rxf3 Bxf3 41. Kxf3 Kf6 42. Ke4 b5 43. Kd4 Ke7 44. Kc5 a6 45. Kc6 Kf6
46. Kd6 Kf7 47. Kc5 Ke7 48. Kc6 e5 49. Kd5 Kf6 50. c4 bxc4 51. Kxc4 a5 52. Kc5
Ke6 53. a4 e4 54. Kd4 e3 55. Kd3 Kd5 56. Kxe3 Ke5 57. Kf3 Kd4 58. Kf2 Ke4 59.
Kg3 Ke3 60. Kg2 Kf4 61. Kf2 Kxg4 62. Kg2 Kf4 63. Kf2 g4 64. Kg2 Ke4 65. Kg3 Kd4
66. Kxg4 Kc4 67. Kf3 Kb3 68. Ke2 Kc2 69. Ke1 1/2-1/2

[Event "2011 ECC Fall Sectional A"]
[Site "Edmonton"]
[Date "2011.10.29"]
[Round "2"]
[White "Yam, Alex"]
[Black "Rekhson, Vladislav"]
[Result "1-0"]
[WhiteElo "2293"]
[BlackElo "2041"]
[PlyCount "51"]
[EventDate "2011.10.28"]
[EventType "tourn"]
[EventRounds "5"]
[EventCountry "CAN"]

1. c4 Nf6 2. Nc3 e6 3. g3 d5 4. Bg2 Be7 5. Nf3 O-O 6. O-O c6 7. d4 dxc4 8. Ne5
Nbd7 9. Nxc4 Nb6 10. Ne5 Nbd5 11. e4 Nxc3 12. bxc3 Nd7 13. Nd3 b6 14. Qb3 Ba6
15. Rd1 c5 16. dxc5 bxc5 17. Ne5 c4 18. Qc2 Bc8 19. Nc6 Qe8 20. e5 Bc5 21. Qa4
Bb7 22. Qb5 Bb6 23. Ba3 Kh8 24. Rab1 Rc8 25. Bxf8 Nxf8 26. Nxa7 1-0

[Event "2011 ECC Fall Sectional A"]
[Site "Edmonton"]
[Date "2011.10.29"]
[Round "3"]
[White "Haynes, Nicolas"]
[Black "Yam, Alex"]
[Result "1/2-1/2"]
[WhiteElo "2339"]
[BlackElo "2293"]
[PlyCount "45"]
[EventDate "2011.10.28"]
[EventType "tourn"]
[EventRounds "5"]
[EventCountry "CAN"]

1. Nf3 Nf6 2. c4 g6 3. g3 Bg7 4. Bg2 O-O 5. O-O d6 6. d4 Nbd7 7. Nc3 e5 8. e4
exd4 9. Nxd4 Re8 10. h3 c6 11. Re1 a5 12. Be3 Nc5 13. Qc2 a4 14. Rad1 Qa5 15.
Bf4 Bf8 16. Qd2 Nfd7 17. Qc2 Ne5 18. b3 Bg7 19. Be3 axb3 20. axb3 f5 21. exf5
Bxf5 22. Nxf5 gxf5 23. Bxc5 1/2-1/2

[Event "2011 ECC Fall Sectional A"]
[Site "Edmonton"]
[Date "2011.10.29"]
[Round "3"]
[White "Rekhson, Vladislav"]
[Black "Purewal, Sardul"]
[Result "1-0"]
[WhiteElo "2041"]
[BlackElo "2026"]
[PlyCount "47"]
[EventDate "2011.10.28"]
[EventType "tourn"]
[EventRounds "5"]
[EventCountry "CAN"]

1. e4 d5 2. exd5 Qxd5 3. Nc3 Qd8 4. d4 Nf6 5. Bc4 c6 6. Nf3 Bg4 7. Bxf7+ Kxf7
8. Ne5+ Ke8 9. Nxg4 Qd7 10. Ne5 Qf5 11. O-O Nbd7 12. Re1 Rd8 13. g4 Qe6 14. Ng6
Qxg4+ 15. Qxg4 Nxg4 16. Nxh8 Nb6 17. Re4 Nf6 18. Rh4 g6 19. Bg5 Nh5 20. Re1 Nc8
21. Rhe4 Rd7 22. Na4 Bg7 23. Nc5 Rxd4 24. Rxe7+ 1-0

[Event "2011 ECC Fall Sectional A"]
[Site "Edmonton"]
[Date "2011.10.30"]
[Round "4"]
[White "Gardner, Robert"]
[Black "Rekhson, Vladislav"]
[Result "1-0"]
[WhiteElo "2300"]
[BlackElo "2041"]
[PlyCount "47"]
[EventDate "2011.10.28"]
[EventType "tourn"]
[EventRounds "5"]
[EventCountry "CAN"]

1. d4 Nf6 2. c4 e6 3. Nc3 Bb4 4. e3 d5 5. a3 Bxc3+ 6. bxc3 O-O 7. cxd5 exd5 8.
Bd3 c5 9. Ne2 Nc6 10. O-O b6 11. Ng3 Re8 12. f3 Na5 13. Ra2 c4 14. Bb1 Nb3 15.
e4 Nxc1 16. Qxc1 Be6 17. e5 Nd7 18. f4 Nf8 19. f5 Bd7 20. f6 Re6 21. Nh5 Rc6
22. Nxg7 Kh8 23. Qh6 Ng6 24. Ne8 1-0

[Event "2011 ECC Fall Sectional A"]
[Site "Edmonton"]
[Date "2011.10.30"]
[Round "4"]
[White "Yam, Alex"]
[Black "Purewal, Sardul"]
[Result "1-0"]
[WhiteElo "2293"]
[BlackElo "2026"]
[PlyCount "67"]
[EventDate "2011.10.28"]
[EventType "tourn"]
[EventRounds "5"]
[EventCountry "CAN"]

1. e4 e5 2. Nf3 Nc6 3. d4 exd4 4. Nxd4 Bc5 5. Be3 Qf6 6. c3 Nge7 7. Bc4 O-O 8.
O-O Bb6 9. Na3 Nxd4 10. cxd4 c6 11. e5 Qh4 12. Qf3 d5 13. exd6 Nf5 14. Bf4 Nxd4
15. Qg3 Qxg3 16. hxg3 Be6 17. Rad1 Bxc4 18. Nxc4 Ne2+ 19. Kh2 Nxf4 20. gxf4 Bc5
21. Rfe1 Rad8 22. Kg3 b5 23. Re5 Bb6 24. Nxb6 axb6 25. Re7 f5 26. Rc7 c5 27.
Rc6 Rb8 28. Kh4 Rfc8 29. Rxc8+ Rxc8 30. Kg5 Kf7 31. Kxf5 b4 32. Ke5 c4 33. d7
Rd8 34. Kd6 1-0

[Event "2011 ECC Fall Sectional A"]
[Site "Edmonton"]
[Date "2011.10.30"]
[Round "5"]
[White "Purewal, Sardul"]
[Black "Gardner, Robert"]
[Result "0-1"]
[WhiteElo "2026"]
[BlackElo "2300"]
[PlyCount "40"]
[EventDate "2011.10.28"]
[EventType "tourn"]
[EventRounds "5"]
[EventCountry "CAN"]

1. e4 d6 2. d4 Nf6 3. Nc3 g6 4. Bd3 Nc6 5. Bb5 a6 6. Be2 Bg7 7. Be3 O-O 8. h3
e5 9. d5 Ne7 10. Qd2 c6 11. dxc6 bxc6 12. Rd1 d5 13. exd5 cxd5 14. Bg5 d4 15.
Bxf6 Bxf6 16. Ne4 Bg7 17. Bc4 Bb7 18. f3 Nf5 19. Bd3 Bh6 20. f4 Bxf4 0-1

[Event "2011 ECC Fall Sectional A"]
[Site "Edmonton"]
[Date "2011.10.30"]
[Round "5"]
[White "Rekhson, Vladislav"]
[Black "Haynes, Nicolas"]
[Result "1/2-1/2"]
[WhiteElo "2041"]
[BlackElo "2339"]
[PlyCount "44"]
[EventDate "2011.10.28"]
[EventType "tourn"]
[EventRounds "5"]
[EventCountry "CAN"]

1. e4 e5 2. Nf3 Nc6 3. Bb5 Nf6 4. O-O Nxe4 5. d4 Nd6 6. Bg5 Be7 7. Bxc6 Bxg5 8.
dxe5 dxc6 9. Nxg5 Qxg5 10. exd6 Be6 11. dxc7 Qe5 12. Nc3 Qxc7 13. Re1 O-O 14.
Qh5 Qb6 15. b3 Rad8 16. Rad1 Rxd1 17. Rxd1 Qb4 18. Qe5 Re8 19. h3 f6 20. Qe3
Bf7 21. Qg3 Qe7 22. Rd3 Rd8 1/2-1/2

[Event "2011 ECC Fall Sectional B"]
[Site "Edmonton"]
[Date "2011.10.28"]
[Round "1"]
[White "Caughlin, Wade"]
[Black "Zeggelaar, Mike"]
[Result "1/2-1/2"]
[WhiteElo "1970"]
[BlackElo "1973"]
[PlyCount "27"]
[EventDate "2011.10.28"]
[EventType "tourn"]
[EventRounds "5"]
[EventCountry "CAN"]

1. d4 Nf6 2. Nf3 g6 3. Bf4 Bg7 4. e3 O-O 5. Be2 c5 6. c3 Qb6 7. Qb3 Nc6 8. h3
d5 9. O-O Bf5 10. Nbd2 cxd4 11. exd4 Rfe8 12. Qxb6 axb6 13. Bc7 Nd7 14. Bg3
1/2-1/2

[Event "2011 ECC Fall Sectional B"]
[Site "Edmonton"]
[Date "2011.10.28"]
[Round "1"]
[White "Pua, Richard"]
[Black "Pedersen, Rick"]
[Result "1/2-1/2"]
[WhiteElo "2010"]
[BlackElo "1929"]
[PlyCount "55"]
[EventDate "2011.10.28"]
[EventType "tourn"]
[EventRounds "5"]
[EventCountry "CAN"]

1. e4 d6 2. d4 g6 3. Nf3 Bg7 4. Nc3 Nc6 5. Be3 a6 6. a4 Bg4 7. Be2 e5 8. d5
Nce7 9. h3 Bxf3 10. Bxf3 f5 11. Bg5 Nf6 12. Bxf6 Bxf6 13. g4 f4 14. h4 g5 15.
h5 Qd7 16. Qd3 O-O 17. O-O Kh8 18. Rfd1 Ng8 19. Qe2 Be7 20. a5 Nf6 21. Kh2 Rg8
22. Rg1 Rg7 23. Rg2 Rag8 24. Rag1 Qe8 25. Kh1 Bd8 26. Rh2 h6 27. Qc4 Qd7 28. b4
1/2-1/2

[Event "2011 ECC Fall Sectional B"]
[Site "Edmonton"]
[Date "2011.10.28"]
[Round "1"]
[White "Razzaq, Ali"]
[Black "Karmali, Hafiz"]
[Result "0-1"]
[WhiteElo "1841"]
[BlackElo "1989"]
[PlyCount "110"]
[EventDate "2011.10.28"]
[EventType "tourn"]
[EventRounds "5"]
[EventCountry "CAN"]

1. d4 e6 2. Nf3 d5 3. e3 Bd6 4. Bd3 f5 5. O-O Nf6 6. c4 c6 7. b3 O-O 8. Bb2 Ne4
9. Ne5 Nd7 10. f3 Nef6 11. Nd2 Qc7 12. f4 Ne4 13. Nxd7 Bxd7 14. Nf3 Qd8 15. Ne5
Rf6 16. Rf3 Rh6 17. Qe1 Be8 18. Bxe4 fxe4 19. Rf1 Bh5 20. f5 Qg5 21. Qg3 Qxg3
22. hxg3 exf5 23. Rxf5 Rf8 24. Raf1 Rhf6 25. g4 Be8 26. c5 Be7 27. Bc3 g6 28.
R5f4 h6 29. Ba5 Rxf4 30. Rxf4 Bg5 31. Rxf8+ Kxf8 32. Kf2 Kg7 33. Bc7 Bf7 34. b4
a6 35. Nxf7 Kxf7 36. a4 Be7 37. Bf4 h5 38. gxh5 gxh5 39. g4 Kg6 40. gxh5+ Kxh5
41. Bh2 Kg4 42. Bf4 Bh4+ 43. Ke2 Bg5 44. Bd6 Kf5 45. Bg3 Ke6 46. Be5 Bd8 47. a5
Kf5 48. Bd6 Bf6 49. Bf4 Bxd4 50. Kd2 Bg7 51. Bd6 Kg4 52. Bf4 Bf6 53. Bd6 Kf3
54. Bf4 d4 55. Bh6 dxe3+ 0-1

[Event "2011 ECC Fall Sectional B"]
[Site "Edmonton"]
[Date "2011.10.29"]
[Round "2"]
[White "Caughlin, Wade"]
[Black "Razzaq, Ali"]
[Result "0-1"]
[WhiteElo "1970"]
[BlackElo "1841"]
[PlyCount "130"]
[EventDate "2011.10.28"]
[EventType "tourn"]
[EventRounds "5"]
[EventCountry "CAN"]

1. d4 d5 2. Nf3 Nf6 3. Bf4 e6 4. e3 c5 5. c3 Nc6 6. Nbd2 Bd6 7. Bg3 cxd4 8.
exd4 O-O 9. Bd3 Ne7 10. Ne5 Nf5 11. Qf3 Qc7 12. Bf4 b6 13. h4 Bb7 14. g4 Ne4
15. Nxe4 dxe4 16. Bxe4 Bxe4 17. Qxe4 Ne7 18. O-O-O Nd5 19. Bd2 b5 20. Kb1 a5
21. Rc1 Qb7 22. Ka1 Qa6 23. h5 f5 24. gxf5 Rxf5 25. f4 Nf6 26. Qe2 Qb7 27. h6
Bxe5 28. fxe5 Ne4 29. Rhg1 g6 30. Rce1 Rf2 31. Qxe4 Qxe4 32. Rxe4 Rxd2 33. Rf4
Rf8 34. Rxf8+ Kxf8 35. Rh1 b4 36. cxb4 axb4 37. a4 b3 38. a5 Rxd4 39. Rc1 g5
40. a6 Kf7 41. a7 Ra4+ 42. Kb1 Rxa7 43. Rc3 Rb7 44. Kc1 Kg6 45. Rc6 Kf5 46. Rc5
g4 47. Kd2 Rd7+ 48. Ke2 Rd5 49. Rc7 Rxe5+ 50. Kf2 Kg6 51. Rg7+ Kxh6 52. Rxg4
Rc5 53. Re4 e5 54. Kg3 Rc2 55. Rxe5 Rxb2 56. Rb5 Rb1 57. Rb6+ Kg5 58. Rb5+ Kf6
59. Rb6+ Ke5 60. Kh2 Kd4 61. Rh6 Kc3 62. Rxh7 Rd1 63. Kg2 Rd5 64. Kf1 b2 65.
Rh3+ Rd3 0-1

[Event "2011 ECC Fall Sectional B"]
[Site "Edmonton"]
[Date "2011.10.29"]
[Round "2"]
[White "Karmali, Hafiz"]
[Black "Pua, Richard"]
[Result "0-1"]
[WhiteElo "1989"]
[BlackElo "2010"]
[PlyCount "98"]
[EventDate "2011.10.28"]
[EventType "tourn"]
[EventRounds "5"]
[EventCountry "CAN"]

1. d4 Nf6 2. c4 e6 3. Nc3 d5 4. Bg5 Be7 5. e3 O-O 6. Nf3 h6 7. Bh4 b6 8. cxd5
exd5 9. Ne5 Bb7 10. Bd3 c5 11. Rc1 Nbd7 12. f4 Nxe5 13. fxe5 Ne4 14. Bxe7 Qxe7
15. O-O Nxc3 16. bxc3 f6 17. Qh5 fxe5 18. dxe5 Qg5 19. Qxg5 hxg5 20. e6 Rf6 21.
Rxf6 gxf6 22. Rf1 Kg7 23. Rf3 Rh8 24. Rf2 Bc8 25. Bf5 Re8 26. Rd2 Bxe6 27. Bxe6
Rxe6 28. Rxd5 Rxe3 29. Rd7+ Kg6 30. Rxa7 Rxc3 31. Rb7 Ra3 32. Rxb6 Rxa2 33. Rc6
Rc2 34. h3 Kf5 35. Kh2 Ke5 36. Kg3 f5 37. Kf3 f4 38. Rg6 Rc3+ 39. Kf2 Rg3 40.
Rh6 c4 41. h4 gxh4 42. Rxh4 c3 43. Rh8 Ke4 44. Re8+ Kd3 45. Rd8+ Kc2 46. Rd4
Rd3 47. Rxf4 Kd2 48. Re4 c2 49. Re2+ Kc3 0-1

[Event "2011 ECC Fall Sectional B"]
[Site "Edmonton"]
[Date "2011.10.29"]
[Round "2"]
[White "Zeggelaar, Mike"]
[Black "Pedersen, Rick"]
[Result "1/2-1/2"]
[WhiteElo "1973"]
[BlackElo "1929"]
[PlyCount "61"]
[EventDate "2011.10.28"]
[EventType "tourn"]
[EventRounds "5"]
[EventCountry "CAN"]

1. e4 d6 2. d4 g6 3. Nc3 Bg7 4. Be2 Nd7 5. Be3 c6 6. Qd2 Qa5 7. Nf3 b5 8. O-O
b4 9. Nd1 Ngf6 10. Bd3 e5 11. dxe5 dxe5 12. c3 c5 13. cxb4 Qxb4 14. Rc1 O-O 15.
Bxc5 Qxd2 16. Nxd2 Nxc5 17. Rxc5 Rd8 18. Rc3 Rb8 19. Nb3 Bf8 20. Nc1 Bb4 21.
Rc2 Be6 22. a3 Ba5 23. f3 Bb6+ 24. Nf2 Nd7 25. b4 a5 26. Bc4 Rbc8 27. Bb3 Rxc2
28. Bxc2 Rc8 29. Ba4 Rc3 30. bxa5 Bxa5 31. Ncd3 1/2-1/2

[Event "2011 ECC Fall Sectional B"]
[Site "Edmonton"]
[Date "2011.10.29"]
[Round "3"]
[White "Karmali, Hafiz"]
[Black "Caughlin, Wade"]
[Result "1/2-1/2"]
[WhiteElo "1989"]
[BlackElo "1970"]
[PlyCount "88"]
[EventDate "2011.10.28"]
[EventType "tourn"]
[EventRounds "5"]
[EventCountry "CAN"]

1. d4 Nf6 2. c4 e6 3. Nc3 Bb4 4. Qc2 O-O 5. e4 d5 6. e5 Ne4 7. Bd3 f5 8. exf6
Nxf6 9. Nf3 h6 10. O-O dxc4 11. Bxc4 Nc6 12. Ne2 Nd5 13. Bd2 Bd6 14. Rfe1 Bd7
15. Ng3 Bxg3 16. hxg3 Qf6 17. Bc3 Be8 18. Ne5 Rd8 19. Rad1 Nce7 20. Rd3 Bg6 21.
Nxg6 Qxg6 22. Qe2 Rf6 23. Rf3 Rd6 24. Bd3 Qf7 25. Qe4 Rxf3 26. gxf3 Qf5 27. Qe2
Qf7 28. Kg2 Nf5 29. Qe5 Qg6 30. Be4 Qf6 31. f4 Qxe5 32. fxe5 Ra6 33. Bxd5 exd5
34. a3 Kf7 35. g4 Ne7 36. f4 Rg6 37. Kf3 h5 38. gxh5 Rh6 39. Kg4 Ke6 40. b4 Nf5
41. b5 g6 42. hxg6 Rxg6+ 43. Kh5 Rg3 44. Bb2 Rh3+ 1/2-1/2

[Event "2011 ECC Fall Sectional B"]
[Site "Edmonton"]
[Date "2011.10.29"]
[Round "3"]
[White "Pedersen, Rick"]
[Black "Karmali, Hafiz"]
[Result "0-1"]
[WhiteElo "1929"]
[BlackElo "1989"]
[PlyCount "81"]
[EventDate "2011.10.28"]
[EventType "tourn"]
[EventRounds "5"]
[EventCountry "CAN"]

1. e4 c5 2. Nf3 e6 3. c3 d5 4. exd5 exd5 5. d4 Nc6 6. Be2 Nf6 7. O-O Ne4 8. Re1
Bd6 9. Nbd2 f5 10. dxc5 Bxc5 11. Nxe4 fxe4 12. Nd4 O-O 13. Be3 Nxd4 14. Bxd4
Qb6 15. Bxc5 Qxc5 16. Qd4 Qxd4 17. cxd4 Bd7 18. Rac1 Rac8 19. f3 Bf5 20. Rc3
Rxc3 21. bxc3 Re8 22. Bd3 Rc8 23. fxe4 Rxc3 24. Bb1 Bxe4 25. Bxe4 dxe4 26. Rxe4
Kf7 27. Kf2 Rc2+ 28. Re2 Rxe2+ 29. Kxe2 Ke6 30. Kd2 Kd5 31. Kc3 a6 32. Kd3 b5
33. Kc3 a5 34. Kd3 b4 35. Ke3 a4 36. Kd3 g6 37. h3 h5 38. h4 a3 39. Kc2 Kxd4
40. Kb3 Kc5 41. Kc2 0-1

[Event "2011 ECC Fall Sectional B"]
[Site "Edmonton"]
[Date "2011.10.29"]
[Round "3"]
[White "Pua, Richard"]
[Black "Caughlin, Wade"]
[Result "1-0"]
[WhiteElo "2010"]
[BlackElo "1970"]
[PlyCount "71"]
[EventDate "2011.10.28"]
[EventType "tourn"]
[EventRounds "5"]
[EventCountry "CAN"]

1. e4 e6 2. d4 d5 3. exd5 exd5 4. Bd3 Bd6 5. Qf3 c6 6. Ne2 Nf6 7. h3 Be6 8. O-O
Nbd7 9. Bf4 Qc7 10. Re1 O-O-O 11. c3 h6 12. Bxd6 Qxd6 13. Qg3 Qxg3 14. Nxg3 g6
15. Bxg6 Bxh3 16. Bxf7 Bg4 17. Nd2 h5 18. Be6 h4 19. Bxg4 hxg3 20. Bf3 Rh1+ 21.
Kxh1 gxf2 22. g3 fxe1=Q+ 23. Rxe1 Rg8 24. Kg2 Kd8 25. Re2 Ng4 26. Bxg4 Rxg4 27.
Kf3 Rg8 28. g4 Nb6 29. b3 Rh8 30. Kf4 Nc8 31. Nf3 Ne7 32. Ne5 Ke8 33. Ng6 Rh7
34. Rxe7+ Rxe7 35. Nxe7 Kxe7 36. Ke5 1-0

[Event "2011 ECC Fall Sectional B"]
[Site "Edmonton"]
[Date "2011.10.29"]
[Round "3"]
[White "Razzaq, Ali"]
[Black "Zeggelaar, Mike"]
[Result "0-1"]
[WhiteElo "1841"]
[BlackElo "1973"]
[PlyCount "70"]
[EventDate "2011.10.28"]
[EventType "tourn"]
[EventRounds "5"]
[EventCountry "CAN"]

1. c4 Nf6 2. Nc3 g6 3. g3 Bg7 4. Bg2 O-O 5. Nf3 c5 6. O-O Nc6 7. d3 d5 8. cxd5
Nxd5 9. Qb3 Nxc3 10. bxc3 Qb6 11. Bd2 Be6 12. Qxb6 axb6 13. Rab1 Rxa2 14. Rxb6
Bd5 15. Rd1 Nd8 16. c4 Bc6 17. e4 Ne6 18. Be3 Nd4 19. Nd2 Rfa8 20. e5 Bxe5 21.
Bxc6 bxc6 22. Ne4 R8a5 23. Kg2 f5 24. Bd2 fxe4 25. Bxa5 Rxa5 26. dxe4 Ra2 27.
Rb7 Kf7 28. Rbb1 g5 29. h4 g4 30. h5 Nf3 31. Rb6 Bd4 32. Rf1 Nd2 33. Re1 Nxc4
34. Rxc6 Rxf2+ 35. Kh1 Ne5 0-1

[Event "2011 ECC Fall Sectional B"]
[Site "Edmonton"]
[Date "2011.10.30"]
[Round "4"]
[White "Caughlin, Wade"]
[Black "Pedersen, Rick"]
[Result "1/2-1/2"]
[WhiteElo "1970"]
[BlackElo "1929"]
[PlyCount "73"]
[EventDate "2011.10.28"]
[EventType "tourn"]
[EventRounds "5"]
[EventCountry "CAN"]

1. d4 g6 2. Nf3 Bg7 3. Bf4 Nf6 4. e3 d6 5. Be2 c5 6. dxc5 Qa5+ 7. c3 Qxc5 8. h3
O-O 9. O-O Bf5 10. Nbd2 Qb6 11. Qb3 Nbd7 12. Bg3 Ne4 13. Nxe4 Bxe4 14. Qxb6
Nxb6 15. Nd2 Bc6 16. Bd1 Nd7 17. Bb3 Rac8 18. Rfe1 Nc5 19. Bc4 a6 20. Bh4 Rc7
21. Nb3 b5 22. Nxc5 dxc5 23. Be2 Bf6 24. Bxf6 exf6 25. Rad1 Rcc8 26. Rd6 Rfd8
27. Red1 Rxd6 28. Rxd6 f5 29. b4 cxb4 30. cxb4 Kf8 31. Kh2 Ke7 32. Rd2 Be4 33.
Bd1 Rc4 34. Rb2 Rc1 35. Bb3 Bd3 36. Bd5 Be4 37. Bb3 1/2-1/2

[Event "2011 ECC Fall Sectional B"]
[Site "Edmonton"]
[Date "2011.10.30"]
[Round "4"]
[White "Razzaq, Ali"]
[Black "Pua, Richard"]
[Result "1/2-1/2"]
[WhiteElo "1841"]
[BlackElo "2010"]
[PlyCount "64"]
[EventDate "2011.10.28"]
[EventType "tourn"]
[EventRounds "5"]
[EventCountry "CAN"]

1. c4 Nf6 2. Nc3 e6 3. g3 d5 4. d4 Be7 5. Bg2 O-O 6. Nf3 c5 7. e3 Nc6 8. O-O
dxc4 9. Qa4 cxd4 10. Nxd4 Nxd4 11. exd4 Bd7 12. Qxc4 Rc8 13. Qb3 Bc6 14. Bg5
Bxg2 15. Kxg2 Qb6 16. Qxb6 axb6 17. Rac1 Rc4 18. Bxf6 Bxf6 19. Ne4 Rfc8 20.
Nxf6+ gxf6 21. Rxc4 Rxc4 22. Rd1 Rc2 23. d5 exd5 24. Rxd5 Rxb2 25. a4 Rb4 26.
Rd7 Rxa4 27. Rxb7 Rb4 28. h4 h5 29. Kf3 Kg7 30. Rb8 Rb2 31. Ke3 Rb4 32. Kf3 Rb2
1/2-1/2

[Event "2011 ECC Fall Sectional B"]
[Site "Edmonton"]
[Date "2011.10.30"]
[Round "4"]
[White "Zeggelaar, Mike"]
[Black "Karmali, Hafiz"]
[Result "1/2-1/2"]
[WhiteElo "1973"]
[BlackElo "1989"]
[PlyCount "121"]
[EventDate "2011.10.28"]
[EventType "tourn"]
[EventRounds "5"]
[EventCountry "CAN"]

1. e4 e6 2. d4 d5 3. Nc3 Nf6 4. Bg5 Be7 5. e5 Nfd7 6. h4 a6 7. Qg4 f5 8. Qg3 c5
9. Nf3 Nc6 10. O-O-O b5 11. dxc5 Nxc5 12. Bxe7 Qxe7 13. Ng5 O-O 14. Qf3 Ne4 15.
Ncxe4 fxe4 16. Qh5 g6 17. Qg4 Rxf2 18. Be2 Nxe5 19. Qg3 Rxe2 20. Qxe5 Bd7 21.
Rxd5 Rc8 22. Nxe4 Rxe4 23. Rxd7 Rxe5 24. Rxe7 Re2 25. c3 b4 26. h5 bxc3 27. b3
Rxa2 28. Kb1 Rxg2 29. hxg6 Rxg6 30. Rexh7 c2+ 31. Kc1 Rg1+ 32. Rxg1+ Kxh7 33.
Rg3 Kh6 34. Rg2 Kh5 35. Rg3 Kh4 36. Rg6 Rc6 37. Rg7 a5 38. Rg2 e5 39. Rg7 Rc5
40. Rg2 Kh3 41. Rg5 Kh4 42. Rg2 e4 43. Re2 Re5 44. Kxc2 Kg3 45. Kd2 Kf3 46.
Re3+ Kf4 47. Rc3 Rd5+ 48. Ke2 Rh5 49. Kd2 Rh2+ 50. Ke1 Rb2 51. Kd1 e3 52. Rc5
Rd2+ 53. Ke1 Ra2 54. Rc8 Ke4 55. Re8+ Kd3 56. Rd8+ Kc3 57. Rb8 Rb2 58. Rb5 Ra2
59. Rb8 Kd3 60. Rd8+ Kc3 61. Rb8 1/2-1/2

[Event "2011 ECC Fall Sectional B"]
[Site "Edmonton"]
[Date "2011.10.30"]
[Round "5"]
[White "Pedersen, Rick"]
[Black "Razzaq, Ali"]
[Result "1-0"]
[WhiteElo "1929"]
[BlackElo "1841"]
[PlyCount "55"]
[EventDate "2011.10.28"]
[EventType "tourn"]
[EventRounds "5"]
[EventCountry "CAN"]

1. d3 d5 2. g3 e5 3. Nf3 Nc6 4. Bg2 Nf6 5. O-O Be7 6. Nbd2 h6 7. h3 O-O 8. b3
e4 9. Nh2 Be6 10. Bb2 Qd7 11. dxe4 Bxh3 12. e5 Nh7 13. Ndf3 Rad8 14. Qd2 Bxg2
15. Kxg2 Bg5 16. Nxg5 Nxg5 17. Rh1 Qh3+ 18. Kg1 Ne4 19. Qf4 f6 20. Ng4 Nxf2 21.
Nxf2 Qe6 22. exf6 d4 23. Ng4 Qxe2 24. Rf1 Rf7 25. Rf2 Qe1+ 26. Kg2 Qa5 27.
Nxh6+ gxh6 28. Qxh6 1-0

[Event "2011 ECC Fall Sectional B"]
[Site "Edmonton"]
[Date "2011.10.30"]
[Round "5"]
[White "Pua, Richard"]
[Black "Zeggelaar, Mike"]
[Result "1/2-1/2"]
[WhiteElo "2010"]
[BlackElo "1973"]
[PlyCount "33"]
[EventDate "2011.10.28"]
[EventType "tourn"]
[EventRounds "5"]
[EventCountry "CAN"]

1. e4 c5 2. c3 Nf6 3. e5 Nd5 4. d4 cxd4 5. cxd4 e6 6. Nc3 d6 7. Nf3 Nc6 8. Bd3
dxe5 9. dxe5 Nxc3 10. bxc3 Be7 11. O-O O-O 12. Qe2 f6 13. Rd1 Qe8 14. exf6 Bxf6
15. Ba3 Be7 16. Bxe7 Qxe7 17. Rab1 1/2-1/2

[Event "2011 ECC Fall Sectional C"]
[Site "Edmonton"]
[Date "2011.10.28"]
[Round "1"]
[White "De Guzman, Jeff Anthony"]
[Black "Yao, David"]
[Result "1-0"]
[WhiteElo "1662"]
[BlackElo "1058"]
[PlyCount "105"]
[EventDate "2011.10.28"]
[EventType "tourn"]
[EventRounds "5"]
[EventCountry "CAN"]

1. d4 Nf6 2. c4 e6 3. Nc3 Bb4 4. Qc2 d5 5. a3 Bxc3+ 6. Qxc3 O-O 7. Bg5 Nc6 8.
e3 h6 9. Bh4 Re8 10. Ne2 b6 11. cxd5 Qxd5 12. Bxf6 gxf6 13. Nf4 Qd6 14. Bb5 Bb7
15. Rc1 e5 16. Bxc6 Bxc6 17. Ne2 Bb5 18. dxe5 Rxe5 19. Qxc7 Qxc7 20. Rxc7 Rc5
21. Rxc5 bxc5 22. Nc3 Bc6 23. Kd2 Rd8+ 24. Kc2 Kf8 25. f3 Re8 26. e4 Re5 27.
Rd1 Ke7 28. Kb3 a6 29. Kc4 f5 30. f4 Re6 31. exf5 Rf6 32. Kxc5 Bxg2 33. Nd5+
Bxd5 34. Rxd5 h5 35. b4 h4 36. h3 Rh6 37. a4 Rh8 38. Kb6 Rb8+ 39. Ka5 Rb7 40.
b5 axb5 41. axb5 Ra7+ 42. Kb6 Ra3 43. Kc7 Rxh3 44. Re5+ Kf6 45. b6 Rb3 46. b7
Rxb7+ 47. Kxb7 h3 48. Re3 Kxf5 49. Rxh3 Kxf4 50. Kc6 f5 51. Kd5 Kg4 52. Ra3 f4
53. Ke4 1-0

[Event "2011 ECC Fall Sectional C"]
[Site "Edmonton"]
[Date "2011.10.28"]
[Round "1"]
[White "Frier, Ken"]
[Black "Nolan, Pat"]
[Result "1/2-1/2"]
[WhiteElo "1508"]
[BlackElo "1543"]
[PlyCount "72"]
[EventDate "2011.10.28"]
[EventType "tourn"]
[EventRounds "5"]
[EventCountry "CAN"]

1. e4 c5 2. Nf3 d6 3. d4 cxd4 4. Nxd4 Nf6 5. Nc3 a6 6. Be2 Nc6 7. Be3 g6 8.
Nxc6 bxc6 9. f3 Bg7 10. Qd2 O-O 11. O-O Rb8 12. Rab1 Qa5 13. a3 Nd7 14. Bd4 Ne5
15. Rfd1 Be6 16. Kh1 Bc4 17. Qc1 Rb7 18. Bxc4 Nxc4 19. Bxg7 Kxg7 20. Ne2 Rfb8
21. Nd4 Qc5 22. b3 e5 23. b4 Qb6 24. Nb3 a5 25. c3 c5 26. Nd2 Qa6 27. Nxc4 Qxc4
28. h3 Rc7 29. Qd2 axb4 30. axb4 cxb4 31. Rxb4 Rxb4 32. Qxd6 Qxc3 33. Rd5 Qe1+
34. Kh2 Rb1 35. Qxe5+ Kh6 36. Qg5+ Kg7 1/2-1/2

[Event "2011 ECC Fall Sectional C"]
[Site "Edmonton"]
[Date "2011.10.28"]
[Round "1"]
[White "Nie, Mark"]
[Black "Sequillion, Aaron"]
[Result "0-1"]
[WhiteElo "1459"]
[BlackElo "2054"]
[PlyCount "40"]
[EventDate "2011.10.28"]
[EventType "tourn"]
[EventRounds "5"]
[EventCountry "CAN"]

1. Nf3 d5 2. g3 Nf6 3. Bg2 Bg4 4. d3 c6 5. Nbd2 Nbd7 6. O-O e5 7. h3 Bh5 8. Qe1
Bd6 9. e4 O-O 10. Nh4 Re8 11. Nf5 Nc5 12. exd5 cxd5 13. Nxd6 Qxd6 14. Nb3 Rac8
15. Be3 Nxb3 16. cxb3 Rc2 17. Bxa7 b6 18. Qe3 d4 19. Qg5 h6 20. Qf5 g6 0-1

[Event "2011 ECC Fall Sectional C"]
[Site "Edmonton"]
[Date "2011.10.29"]
[Round "2"]
[White "Nie, Mark"]
[Black "De Guzman, Jeff Anthony"]
[Result "0-1"]
[WhiteElo "1459"]
[BlackElo "1662"]
[PlyCount "60"]
[EventDate "2011.10.28"]
[EventType "tourn"]
[EventRounds "5"]
[EventCountry "CAN"]

1. Nf3 d5 2. g3 c5 3. Bg2 Nc6 4. d3 e5 5. Nbd2 Be6 6. O-O Nf6 7. e4 d4 8. b3 h6
9. Nc4 Bd6 10. Nxd6+ Qxd6 11. Bb2 b5 12. c4 bxc4 13. bxc4 O-O 14. Nh4 Rfb8 15.
Bc1 Kh7 16. f4 Bg4 17. Qe1 Re8 18. f5 Nb4 19. Qd2 Nh5 20. a3 Nc6 21. Kf2 Qf6
22. Kg1 Nf4 23. Rb1 Ne2+ 24. Kh1 Nc3 25. Rb2 Rab8 26. Rxb8 Rxb8 27. Bb2 Rb3 28.
Rc1 Qg5 29. Qxg5 hxg5 30. Bxc3 Rxc3 0-1